000 00327nam a2200121Ia 4500
008 170224s9999 xx 000 0 und d
245 _aNasal Spray Formulation of the Opioid Antagonist Naloxone Approved
260 _bAmerican Journal of Nursing
260 _c2016
300 _a116:4
500 _aApril
650 _xNursing.
999 _c316876
_d316876